Public Policy for Democracy

Salvato in:
Dettagli Bibliografici
Altri autori: Ingram, Helen, Smith, Steven Rathgeb
Natura: Libro
Lingua:inglese
Pubblicazione: Washington The Brookings Institution 1993
Edizione:1. ed.
Soggetti:
Tags: Aggiungi Tag
Nessun Tag, puoi essere il primo ad aggiungerne!!

MARC

LEADER 00000nam a2200000 4500
001 c019338
005 20221206074941.0
020 |a 0-8157-4152-9 
041 0 |a eng 
044 |a US 
245 1 0 |a Public Policy for Democracy  |c Edit. Helen Ingram, Steven Rathgeb Smith 
250 |a 1. ed. 
264 1 |a Washington  |b The Brookings Institution  |c 1993 
300 |a 274 s. 
610 2 0 |a politika 
610 2 0 |a demokracia 
610 2 0 |a vláda 
610 2 0 |a riadenie 
610 2 0 |a legislatíva 
610 2 0 |a moc štátna 
610 2 0 |a moc výkonná 
610 2 0 |a moc zákonodarná 
610 2 0 |a občania 
610 2 0 |a informácie 
610 2 0 |a médiá 
610 2 0 |a služby verejné 
610 2 0 |a politika vnútorná 
610 2 0 |a USA 
700 1 |a Ingram, Helen 
700 1 |a Smith, Steven Rathgeb